000 00709nam a2200217 a 4500
005 20140310183455.0
008 090803s19uu xx 00 eng d
020 _a9780393058086
050 _aHF 1359
_b.F735 2006
100 _aFrieden, Jeffry A.
245 _aGlobal capitalism :
_bits fall and rise in the twentieth century /
_cJeffry A. Frieden.
260 _aNew York :
_bW.W Norton & Company Inc,
_c2006.
300 _a556 p. :
_c27 cm.
521 _aBSBA
650 _aInternational economic relations
_xHistory
_x20th century.
650 _aCapitalism
_xHistory
_x20th century
650 _aGlobal aspects
_xHistory
_x20th century.
942 _cBK
_2lcc
_kFOR
999 _c23565
_d23565